[Event "FRA-chT U20 0203"]
[Site "Clichy"]
[Date "2003.05.03"]
[Round "10.9"]
[White "Abidian, Thibault"]
[Black "Saatdjian, Stephane"]
[Result "0-1"]
[WhiteElo "1160"]
[BlackElo "1430"]
[PlyCount "62"]
[EventDate "2002.12.??"]
[EventType "team"]
[EventRounds "11"]
[EventCountry "FRA"]
[SourceTitle "EXT 2004"]
[Source "ChessBase"]
[SourceDate "2003.11.25"]
[SourceVersion "1"]
[SourceVersionDate "2003.11.25"]
[SourceQuality "1"]
[WhiteTeam "Avignon"]
[BlackTeam "Nancy"]
[WhiteTeamCountry "FRA"]
[BlackTeamCountry "FRA"]

1. d4 Nf6 2. Nf3 e6 3. c3 c5 4. Bg5 Nc6 5. e3 Qb6 6. Qc2 d5 7. Nbd2 c4 8. Be2 Be7 9. 0-0 Qc7 10. h3 0-0 11. Nh2 a5 12. f4 b5 13. a4 b4 14. Rab1 Bd7 15. Rf3 bxc3 16. bxc3 Rab8 17. Rg3 Rxb1+ 18. Nxb1 Ne4 19. Bxe7 Nxe7 20. Rg4 e5 21. Bf3 Bxg4 22. Bxg4 exf4 23. exf4 Qxf4 24. Nf3 f5 25. Bh5 g6 26. Bxg6 Nxg6 27. Nbd2 Nxd2 28. Nxd2 Qe3+ 29. Kh2 Qd3 30. Qd1 Re8 31. Qc1 Re2 0-1

[Event "FRA-chT U20 0203"]
[Site "Clichy"]
[Date "2003.01.03"]
[Round "4.9"]
[White "Lemeille, Francois"]
[Black "Abidian, Thibault"]
[Result "0-1"]
[WhiteElo "1230"]
[BlackElo "1120"]
[PlyCount "124"]
[EventDate "2002.12.??"]
[EventType "team"]
[EventRounds "11"]
[EventCountry "FRA"]
[SourceTitle "EXT 2004"]
[Source "ChessBase"]
[SourceDate "2003.11.25"]
[SourceVersion "1"]
[SourceVersionDate "2003.11.25"]
[SourceQuality "1"]
[WhiteTeam "Bois Colombes"]
[BlackTeam "Avignon"]
[WhiteTeamCountry "FRA"]
[BlackTeamCountry "FRA"]

1. e4 c5 2. f4 Nf6 3. Nc3 d6 4. Nf3 g6 5. Bc4 Bg7 6. d3 Bg4 7. h3 Be6 8. Be3 Bxc4 9. dxc4 Nc6 10. Qd2 0-0 11. 0-0-0 Qa5 12. h4 Nb4 13. a3 Nc6 14. g4 Qb6 15. g5 Nxe4 16. Qd3 Nxc3 17. bxc3 Qa5 18. h5 Qxa3+ 19. Kd2 Qa5 20. hxg6 fxg6 21. Qd5+ Rf7 22. f5 gxf5 23. g6 hxg6 24. Ng5 Raf8 25. Nxf7 Rxf7 26. Rh7 f4 27. Bxf4 Qxc3+ 28. Ke2 Qxc2+ 29. Rd2 Nd4+ 30. Ke1 Qc1+ 31. Kf2 Qxd2+ 32. Kg3 Qxf4+ 33. Kg2 Qg4+ 34. Kh1 Qd1+ 35. Kg2 Qf3+ 36. Kg1 Qf2+ 37. Kh1 Qf1+ 38. Kh2 Qf2+ 39. Kh1 Qf3+ 40. Qxf3 Rxf3 41. Rh2 a5 42. Kg1 b5 43. cxb5 Nxb5 44. Kg2 Rd3 45. Kf2 Rd2+ 46. Kg3 Rxh2 47. Kxh2 c4 48. Kg2 Kf7 49. Kf2 Kf6 50. Ke3 g5 51. Kf2 a4 52. Ke2 a3 53. Kd1 g4 54. Kc2 g3 55. Kd2 g2 56. Ke3 g1Q+ 57. Ke4 a2 58. Kd5 a1Q 59. Kc6 Qg2+ 60. Kxb5 Qd5+ 61. Kb4 Qb1+ 62. Ka3 Qa8# 0-1

[Event "FRA-chT U20 0203"]
[Site "Clichy"]
[Date "2002.12.01"]
[Round "2.7"]
[White "Abidian, Thibault"]
[Black "Ledouble, Ugo"]
[Result "1-0"]
[WhiteElo "1120"]
[BlackElo "1360"]
[PlyCount "81"]
[EventDate "2002.12.??"]
[EventType "team"]
[EventRounds "11"]
[EventCountry "FRA"]
[SourceTitle "EXT 2004"]
[Source "ChessBase"]
[SourceDate "2003.11.25"]
[SourceVersion "1"]
[SourceVersionDate "2003.11.25"]
[SourceQuality "1"]
[WhiteTeam "Avignon"]
[BlackTeam "Cannes"]
[WhiteTeamCountry "FRA"]
[BlackTeamCountry "FRA"]

1. d4 d5 2. Nf3 Nc6 3. c3 Nf6 4. Bf4 Bf5 5. e3 e6 6. Bd3 Bg4 7. Be2 Bd6 8. Bg5 0-0 9. Nbd2 e5 10. 0-0 h6 11. Bh4 Qd7 12. Bxf6 gxf6 13. h3 Bh5 14. dxe5 fxe5 15. Nh2 Bg6 16. Ng4 Rae8 17. Nf6+ Kg7 18. Nxd7 Rg8 19. Bh5 Bf5 20. Bg4 Bxg4 21. Qxg4+ Kh8 22. Qh5 Rg6 23. Qh4 Reg8 24. g3 e4 25. Nf6 R8g7 26. Ng4 Ne7 27. Nxh6 Rh7 28. Nxf7+ Kg8 29. Qxh7+ Kxh7 30. Nxd6 Rxd6 31. f3 Rg6 32. g4 Nf5 33. Rae1 Ng3 34. Rf2 Rh6 35. Kh2 exf3 36. Rxf3 Ne4 37. Nxe4 dxe4 38. Rf7+ Kg8 39. Rxc7 Rb6 40. Rd1 Rxb2+ 41. Kg3 1-0

[Event "FRA-chT 0102 U18"]
[Site "France"]
[Date "2002.05.09"]
[Round "10.7"]
[White "Jardine, Ludovic"]
[Black "Abidian, Thibault"]
[Result "1/2-1/2"]
[WhiteElo "1340"]
[BlackElo "1030"]
[PlyCount "92"]
[EventDate "2001.10.??"]
[EventType "team"]
[EventRounds "11"]
[EventCountry "FRA"]
[SourceTitle "EXT 2003"]
[Source "ChessBase"]
[SourceDate "2002.11.25"]
[SourceVersion "1"]
[SourceVersionDate "2002.11.25"]
[SourceQuality "1"]
[WhiteTeam "Vandoeuvre"]
[BlackTeam "Avignon"]
[WhiteTeamCountry "FRA"]
[BlackTeamCountry "FRA"]

1. e4 e5 2. Nf3 Nc6 3. Bc4 Bc5 4. Nc3 d6 5. d3 h6 6. Be3 Bb6 7. Qd2 Nf6 8. d4 Qe7 9. 0-0-0 Be6 10. d5 Na5 11. Bb3 Nxb3+ 12. axb3 Bg4 13. h3 Bh5 14. g4 Bg6 15. g5 Nxe4 16. Nxe4 Bxe4 17. Qe2 Bxf3 18. Qxf3 e4 19. Qf4 hxg5 20. Qxg5 Qxg5 21. Bxg5 Bxf2 22. Rhf1 Bb6 23. Rde1 c6 24. dxc6 bxc6 25. Rxe4+ Kd7 26. Re7+ Kc8 27. Rexf7 Bd4 28. Rd1 Be5 29. Be3 Rxh3 30. Rxa7 Rxa7 31. Bxa7 Rh8 32. c4 g5 33. Rg1 Rg8 34. Rg4 Kb7 35. Be3 Bf6 36. Kd2 Kc7 37. Kd3 Kd7 38. Ke4 Ke6 39. b4 Rb8 40. Bd2 c5 41. bxc5 dxc5 42. Bxg5 Bxg5 43. Rxg5 Rxb2 44. Rxc5 Kd6 45. Rd5+ Kc6 46. c5 Rc2 1/2-1/2

[Event "FRA-chT 0102 U18"]
[Site "France"]
[Date "2002.05.08"]
[Round "8.10"]
[White "Abidian, Thibault"]
[Black "Bendada, Walid"]
[Result "0-1"]
[WhiteElo "1030"]
[BlackElo "1230"]
[PlyCount "28"]
[EventDate "2001.10.??"]
[EventType "team"]
[EventRounds "11"]
[EventCountry "FRA"]
[SourceTitle "EXT 2003"]
[Source "ChessBase"]
[SourceDate "2002.11.25"]
[SourceVersion "1"]
[SourceVersionDate "2002.11.25"]
[SourceQuality "1"]
[WhiteTeam "Avignon"]
[BlackTeam "Bois Colombes"]
[WhiteTeamCountry "FRA"]
[BlackTeamCountry "FRA"]

1. e4 e5 2. Nf3 Nc6 3. Nc3 Nf6 4. Bc4 Nxe4 5. Nxe4 d5 6. Bxd5 Qxd5 7. d3 Bf5 8. c4 Qd7 9. Bd2 Qxd3 10. Nc3 Qxc4 11. g4 Bxg4 12. Qb3 Qxb3 13. axb3 Bxf3 14. Nb5 Kd7 0-1